[Event "Benidorm Satellite preliminary"]
[Site "playchess.com #007036"]
[Date "2009.10.24"]
[Round "7"]
[White "CubaChessPraxis"]
[Black "Ozmarabagi"]
[Result "1-0"]
[WhiteElo "2146"]
[BlackElo "1952"]
[PlyCount "159"]
[EventDate "2009.10.24"]
[EventType "swiss (blitz)"]

1. d4 {[%emt 0:00:05]} d5 {[%emt 0:00:00]} 2. c4 {[%emt 0:00:02]} c6 {[%emt 0:
00:01]} 3. Nf3 {[%emt 0:00:02]} Nf6 {[%emt 0:00:01]} 4. Nbd2 {[%emt 0:00:01]}
Bf5 {[%emt 0:00:18]} 5. g3 {[%emt 0:00:03]} e6 {[%emt 0:00:04]} 6. Bg2 {[%emt
0:00:06]} Nbd7 {[%emt 0:00:04]} 7. O-O {[%emt 0:00:01]} Bd6 {[%emt 0:00:04]} 8.
b3 {[%emt 0:00:02]} Qa5 {[%emt 0:00:06]} 9. Bb2 {[%emt 0:00:01]} O-O {[%emt 0:
00:07]} 10. a3 {[%emt 0:00:02]} Qc7 {[%emt 0:00:08]} 11. c5 {[%emt 0:00:03]}
Be7 {[%emt 0:00:06]} 12. b4 {[%emt 0:00:00]} a5 {[%emt 0:00:09]} 13. Bc3 {
[%emt 0:00:07]} axb4 {[%emt 0:00:05]} 14. axb4 {[%emt 0:00:02]} b6 {[%emt 0:00:
03]} 15. Nh4 {[%emt 0:00:15]} Bg4 {[%emt 0:00:07]} 16. h3 {[%emt 0:00:02]} Bh5
{[%emt 0:00:05]} 17. g4 {[%emt 0:00:01]} Bg6 {[%emt 0:00:04]} 18. Nxg6 {[%emt
0:00:01]} hxg6 {[%emt 0:00:11]} 19. f4 {[%emt 0:00:00]} Rfb8 {[%emt 0:00:17]}
20. e3 {[%emt 0:00:03]} bxc5 {[%emt 0:00:03]} 21. bxc5 {[%emt 0:00:02]} Qb7 {
[%emt 0:00:14]} 22. Qe2 {[%emt 0:00:02]} Rxa1 {[%emt 0:00:04]} 23. Rxa1 {[%emt
0:00:02]} Ra8 {[%emt 0:00:02]} 24. Rxa8+ {[%emt 0:00:08]} Qxa8 {[%emt 0:00:02]}
25. Bf1 {[%emt 0:00:00]} Qa2 {[%emt 0:00:07]} 26. Qa6 {[%emt 0:00:09]} Qxa6 {
[%emt 0:00:13]} 27. Bxa6 {[%emt 0:00:03]} Nb8 {[%emt 0:00:09]} 28. Bb7 {[%emt
0:00:03]} Kf8 {[%emt 0:00:03]} 29. Ba5 {[%emt 0:00:05]} Ke8 {[%emt 0:00:03]}
30. Bc7 {[%emt 0:00:04]} Nfd7 {[%emt 0:00:01]} 31. Nb3 {[%emt 0:00:10]} Bd8 {
[%emt 0:00:04]} 32. Bd6 {[%emt 0:00:02]} Be7 {[%emt 0:00:01]} 33. Na5 {[%emt 0:
00:03]} Bxd6 {[%emt 0:00:04]} 34. cxd6 {[%emt 0:00:05]} c5 {[%emt 0:00:01]} 35.
Kf2 {[%emt 0:00:07]} c4 {[%emt 0:00:06]} 36. Ke2 {[%emt 0:00:02]} Nb6 {[%emt 0:
00:02]} 37. Nc6 {[%emt 0:00:10]} Nxc6 {[%emt 0:00:12]} 38. Bxc6+ {[%emt 0:00:
02]} Kd8 {[%emt 0:00:00]} 39. Kd2 {[%emt 0:00:01]} Nc8 {[%emt 0:00:01]} 40. d7
{[%emt 0:00:11]} Nb6 {[%emt 0:00:01]} 41. f5 {[%emt 0:00:03]} gxf5 {[%emt 0:00:
11]} 42. gxf5 {[%emt 0:00:02]} Nxd7 {[%emt 0:00:01]} 43. fxe6 {[%emt 0:00:03]}
fxe6 {[%emt 0:00:01]} 44. e4 {[%emt 0:00:01]} Nb6 {[%emt 0:00:07]} 45. e5 {
[%emt 0:00:03]} Ke7 {[%emt 0:00:02]} 46. Ke3 {[%emt 0:00:14]} Kf7 {[%emt 0:00:
06]} 47. Kf4 {[%emt 0:00:07]} Kg6 {[%emt 0:00:01]} 48. Be8+ {[%emt 0:00:02]}
Kh6 {[%emt 0:00:09]} 49. Bf7 {[%emt 0:00:01]} g5+ {[%emt 0:00:17]} 50. Ke3 {
[%emt 0:00:02]} Kg7 {[%emt 0:00:03]} 51. Bxe6 {[%emt 0:00:01]} Kg6 {[%emt 0:00:
03]} 52. Kd2 {[%emt 0:00:03]} Kh5 {[%emt 0:00:05]} 53. Kc3 {[%emt 0:00:03]} Kh4
{[%emt 0:00:02]} 54. Kb4 {[%emt 0:00:01]} Kg3 {[%emt 0:00:02]} 55. Bg4 {[%emt
0:00:11] .} Kf4 {[%emt 0:00:03]} 56. e6 {[%emt 0:00:01]} Nc8 {[%emt 0:00:02]}
57. Kc5 {[%emt 0:00:10]} Ne7 {[%emt 0:00:01]} 58. Kd6 {[%emt 0:00:01]} c3 {
[%emt 0:00:02]} 59. Bd1 {[%emt 0:00:02]} Nf5+ {[%emt 0:00:01]} 60. Kd7 {[%emt
0:00:05]} Nxd4 {[%emt 0:00:01]} 61. e7 {[%emt 0:00:03]} c2 {[%emt 0:00:02]} 62.
Bxc2 {[%emt 0:00:02]} Nxc2 {[%emt 0:00:02]} 63. e8=Q {[%emt 0:00:02]} d4 {
[%emt 0:00:01]} 64. Qe2 {[%emt 0:00:07]} Ne3 {[%emt 0:00:04]} 65. Kd6 {[%emt 0:
00:03]} Ke4 {[%emt 0:00:04]} 66. Kc5 {[%emt 0:00:05]} d3 {[%emt 0:00:02]} 67.
Qf2 {[%emt 0:00:01]} Nf5 {[%emt 0:00:05]} 68. Qe1+ {[%emt 0:00:05]} Ne3 {[%emt
0:00:01]} 69. Kb4 {[%emt 0:00:06]} Kd4 {[%emt 0:00:01]} 70. Qc3+ {[%emt 0:00:
02]} Ke4 {[%emt 0:00:01]} 71. Kc5 {[%emt 0:00:03]} Nf5 {[%emt 0:00:03]} 72.
Qe1+ {[%emt 0:00:06]} Ne3 {[%emt 0:00:01]} 73. Qh1+ {[%emt 0:00:02]} Kf4 {
[%emt 0:00:02]} 74. Kd4 {[%emt 0:00:03]} d2 {[%emt 0:00:05]} 75. Qe4+ {[%emt 0:
00:01]} Kg3 {[%emt 0:00:05]} 76. Qxe3+ {[%emt 0:00:01]} Kh2 {[%emt 0:00:02]}
77. Qxd2+ {[%emt 0:00:01]} Kxh3 {[%emt 0:00:00]} 78. Qxg5 {[%emt 0:00:01]} Kh2
{[%emt 0:00:01]} 79. Ke3 {[%emt 0:00:00]} Kh1 {[%emt 0:00:01]} 80. Kf2 {[%emt
0:00:01] Tiempo} 1-0

[Event "Benidorm Satellite preliminary"]
[Site "playchess.com #007036"]
[Date "2009.10.24"]
[Round "7"]
[White "Ajalcaide"]
[Black "Priscila"]
[Result "0-1"]
[WhiteElo "1384"]
[BlackElo "1807"]
[PlyCount "172"]
[EventDate "2009.10.24"]
[EventType "swiss (blitz)"]

1. e4 {[%emt 0:00:02]} e6 {[%emt 0:00:01]} 2. d4 {[%emt 0:00:02]} d5 {[%emt 0:
00:00]} 3. exd5 {[%emt 0:00:01]} exd5 {[%emt 0:00:00]} 4. Nc3 {[%emt 0:00:02]}
Nf6 {[%emt 0:00:00]} 5. Nf3 {[%emt 0:00:01]} Bd6 {[%emt 0:00:00]} 6. Bg5 {
[%emt 0:00:03]} O-O {[%emt 0:00:00]} 7. Bd3 {[%emt 0:00:05]} Bg4 {[%emt 0:00:
01]} 8. O-O {[%emt 0:00:04]} Nbd7 {[%emt 0:00:01]} 9. h3 {[%emt 0:00:03]} Bh5 {
[%emt 0:00:01]} 10. g4 {[%emt 0:00:01]} Bg6 {[%emt 0:00:01]} 11. Nh4 {[%emt 0:
00:06]} c6 {[%emt 0:00:02]} 12. Bxg6 {[%emt 0:00:02]} fxg6 {[%emt 0:00:02]} 13.
Ne2 {[%emt 0:00:27]} h6 {[%emt 0:00:02]} 14. Be3 {[%emt 0:00:07]} Ne4 {[%emt 0:
00:04]} 15. Nxg6 {[%emt 0:00:09]} Rf6 {[%emt 0:00:29]} 16. Ngf4 {[%emt 0:00:20]
} Rf7 {[%emt 0:00:37]} 17. f3 {[%emt 0:00:03]} Ng5 {[%emt 0:00:46]} 18. Kg2 {
[%emt 0:00:12]} Qe7 {[%emt 0:00:20]} 19. Qd2 {[%emt 0:00:26]} Re8 {[%emt 0:00:
08]} 20. Rae1 {[%emt 0:00:28]} Qxe3 {[%emt 0:00:04]} 21. Qxe3 {[%emt 0:00:01]}
Rxe3 {[%emt 0:00:00]} 22. c3 {[%emt 0:00:17]} Bxf4 {[%emt 0:00:07]} 23. Nxf4 {
[%emt 0:00:04]} Rxe1 {[%emt 0:00:00]} 24. Rxe1 {[%emt 0:00:01]} Rxf4 {[%emt 0:
00:01]} 25. Re8+ {[%emt 0:00:03]} Kf7 {[%emt 0:00:24]} 26. Re3 {[%emt 0:00:02]}
Rf6 {[%emt 0:00:07]} 27. h4 {[%emt 0:00:03]} Ne6 {[%emt 0:00:03]} 28. Kg3 {
[%emt 0:00:07]} Nb6 {[%emt 0:00:04]} 29. b3 {[%emt 0:00:04]} g5 {[%emt 0:00:05]
} 30. Re5 {[%emt 0:00:09]} Nf4 {[%emt 0:00:05]} 31. hxg5 {[%emt 0:00:06]} hxg5
{[%emt 0:00:02]} 32. Rxg5 {[%emt 0:00:01]} Nd3 {[%emt 0:00:02]} 33. Rf5 {[%emt
0:00:14]} Rxf5 {[%emt 0:00:02]} 34. gxf5 {[%emt 0:00:01]} Kf6 {[%emt 0:00:00]}
35. Kg4 {[%emt 0:00:02]} Nc8 {[%emt 0:00:03]} 36. f4 {[%emt 0:00:04]} Ne7 {
[%emt 0:00:02]} 37. Kf3 {[%emt 0:00:01]} Kxf5 {[%emt 0:00:01]} 38. Ke3 {[%emt
0:00:01]} Ne1 {[%emt 0:00:02]} 39. Kd2 {[%emt 0:00:03]} Ng2 {[%emt 0:00:01]}
40. Kd3 {[%emt 0:00:02]} Nxf4+ {[%emt 0:00:00]} 41. Ke3 {[%emt 0:00:02]} Neg6 {
[%emt 0:00:03]} 42. c4 {[%emt 0:00:01]} Nh4 {[%emt 0:00:03]} 43. cxd5 {[%emt 0:
00:02]} Nxd5+ {[%emt 0:00:00]} 44. Kd3 {[%emt 0:00:02]} Kf4 {[%emt 0:00:03]}
45. Kc4 {[%emt 0:00:01]} Ke4 {[%emt 0:00:02]} 46. b4 {[%emt 0:00:02]} Nf5 {
[%emt 0:00:02]} 47. a4 {[%emt 0:00:05]} Nxd4 {[%emt 0:00:04]} 48. b5 {[%emt 0:
00:01]} Ne3+ {[%emt 0:00:01]} 49. Kc5 {[%emt 0:00:03]} b6+ {[%emt 0:00:00]} 50.
Kb4 {[%emt 0:00:03]} c5+ {[%emt 0:00:00]} 51. Ka3 {[%emt 0:00:03]} Kd3 {[%emt
0:00:01]} 52. Kb2 {[%emt 0:00:01]} Kc4 {[%emt 0:00:03]} 53. a5 {[%emt 0:00:01]}
bxa5 {[%emt 0:00:01]} 54. b6 {[%emt 0:00:01]} axb6 {[%emt 0:00:00]} 55. Ka3 {
[%emt 0:00:02]} Kc3 {[%emt 0:00:03]} 56. Ka4 {[%emt 0:00:01]} Nd5 {[%emt 0:00:
13] '} 57. Ka3 {[%emt 0:00:02]} b5 {[%emt 0:00:02]} 58. Ka2 {[%emt 0:00:02]}
Nb4+ {[%emt 0:00:04]} 59. Ka3 {[%emt 0:00:01]} Nd3 {[%emt 0:00:03]} 60. Ka2 {
[%emt 0:00:01]} b4 {[%emt 0:00:02]} 61. Ka1 {[%emt 0:00:02]} a4 {[%emt 0:00:02]
} 62. Ka2 {[%emt 0:00:01]} c4 {[%emt 0:00:01]} 63. Ka1 {[%emt 0:00:01]} Kb3 {
[%emt 0:00:07]} 64. Kb1 {[%emt 0:00:02]} Ne2 {[%emt 0:00:02]} 65. Ka1 {[%emt 0:
00:02]} a3 {[%emt 0:00:03]} 66. Kb1 {[%emt 0:00:01]} Ne1 {[%emt 0:00:08]} 67.
Ka1 {[%emt 0:00:02]} Nc2+ {[%emt 0:00:07]} 68. Kb1 {[%emt 0:00:00]} Nc3+ {
[%emt 0:00:00]} 69. Kc1 {[%emt 0:00:01]} Nd4 {[%emt 0:00:03]} 70. Kd2 {[%emt 0:
00:01]} a2 {[%emt 0:00:00]} 71. Ke3 {[%emt 0:00:01]} a1=Q {[%emt 0:00:00]} 72.
Kf4 {[%emt 0:00:00]} Qc1+ {[%emt 0:00:00]} 73. Ke5 {[%emt 0:00:00]} Na2 {[%emt
0:00:00]} 74. Kd6 {[%emt 0:00:01]} Qc3 {[%emt 0:00:01]} 75. Kd7 {[%emt 0:00:01]
} Ne2 {[%emt 0:00:00]} 76. Kc7 {[%emt 0:00:01]} Qd3 {[%emt 0:00:00]} 77. Kb6 {
[%emt 0:00:01]} c3 {[%emt 0:00:01]} 78. Kc6 {[%emt 0:00:01]} Kc4 {[%emt 0:00:
01]} 79. Kb6 {[%emt 0:00:02]} b3 {[%emt 0:00:01]} 80. Kc7 {[%emt 0:00:01]} Qg6
{[%emt 0:00:02]} 81. Kb7 {[%emt 0:00:01]} Nb4 {[%emt 0:00:01]} 82. Kc7 {[%emt
0:00:02]} Qc6+ {[%emt 0:00:00]} 83. Kb8 {[%emt 0:00:01]} Qd7 {[%emt 0:00:01]}
84. Ka8 {[%emt 0:00:02]} Nd5 {[%emt 0:00:01]} 85. Kb8 {[%emt 0:00:02]} Qc7+ {
[%emt 0:00:00]} 86. Ka8 {[%emt 0:00:02]} Nb6# {[%emt 0:00:00]} 0-1

[Event "Benidorm Satellite preliminary"]
[Site "playchess.com #007036"]
[Date "2009.10.24"]
[Round "7"]
[White "HaraldEtuna"]
[Black "Chanwxt"]
[Result "1/2-1/2"]
[WhiteElo "2155"]
[BlackElo "2801"]
[PlyCount "143"]
[EventDate "2009.10.24"]
[EventType "swiss (blitz)"]

1. e4 {[%emt 0:00:01]} e5 {[%emt 0:00:02]} 2. Nc3 {[%emt 0:00:01]} Nf6 {[%emt
0:00:01]} 3. g3 {[%emt 0:00:00]} Bc5 {[%emt 0:00:04]} 4. Bg2 {[%emt 0:00:01]}
Nc6 {[%emt 0:00:02]} 5. d3 {[%emt 0:00:01]} d6 {[%emt 0:00:01]} 6. Na4 {[%emt
0:00:04]} Bb6 {[%emt 0:00:07]} 7. Ne2 {[%emt 0:00:04]} Bg4 {[%emt 0:00:04]} 8.
h3 {[%emt 0:00:06]} Bd7 {[%emt 0:00:11]} 9. O-O {[%emt 0:00:08]} h6 {[%emt 0:
00:05]} 10. Nxb6 {[%emt 0:00:04]} axb6 {[%emt 0:00:00]} 11. f4 {[%emt 0:00:01]}
Qe7 {[%emt 0:00:02]} 12. a3 {[%emt 0:00:07]} Rg8 {[%emt 0:00:17]} 13. d4 {
[%emt 0:00:24]} exd4 {[%emt 0:00:06]} 14. Nxd4 {[%emt 0:00:01]} Nxd4 {[%emt 0:
00:01]} 15. Qxd4 {[%emt 0:00:02]} Ra4 {[%emt 0:00:01]} 16. Qc3 {[%emt 0:00:04]}
Nxe4 {[%emt 0:00:09]} 17. Qxc7 {[%emt 0:00:05]} Bc6 {[%emt 0:00:28]} 18. Qxe7+
{[%emt 0:00:15]} Kxe7 {[%emt 0:00:02]} 19. b3 {[%emt 0:00:07]} Raa8 {[%emt 0:
00:09]} 20. Re1 {[%emt 0:00:04]} f5 {[%emt 0:00:03]} 21. Bb2 {[%emt 0:00:17]}
Kf7 {[%emt 0:00:03]} 22. Bxe4 {[%emt 0:00:29]} Bxe4 {[%emt 0:00:00]} 23. Re2 {
[%emt 0:00:19]} g5 {[%emt 0:00:03]} 24. fxg5 {[%emt 0:00:01]} Rxg5 {[%emt 0:00:
14]} 25. Kh2 {[%emt 0:00:02]} Rc8 {[%emt 0:00:04]} 26. c4 {[%emt 0:00:07]} Rcg8
{[%emt 0:00:06]} 27. Rf1 {[%emt 0:00:06]} Ke6 {[%emt 0:00:12]} 28. Re3 {[%emt
0:00:14]} Kd7 {[%emt 0:00:07]} 29. a4 {[%emt 0:00:10]} Rh5 {[%emt 0:00:05]} 30.
Ba3 {[%emt 0:00:10]} Rgg5 {[%emt 0:00:05]} 31. h4 {[%emt 0:00:10]} Rg6 {[%emt
0:00:20] '} 32. Rd1 {[%emt 0:00:01]} Bc6 {[%emt 0:00:24]} 33. Rd2 {[%emt 0:00:
03]} f4 {[%emt 0:00:01]} 34. Red3 {[%emt 0:00:12] .} fxg3+ {[%emt 0:00:06]} 35.
Kh3 {[%emt 0:00:01]} g2 {[%emt 0:00:12]} 36. Rxd6+ {[%emt 0:00:01]} Rxd6 {
[%emt 0:00:01]} 37. Rxd6+ {[%emt 0:00:00]} Kc7 {[%emt 0:00:03]} 38. Rd1 {[%emt
0:00:00]} Rf5 {[%emt 0:00:02]} 39. Bd6+ {[%emt 0:00:07]} Kc8 {[%emt 0:00:02]}
40. Rg1 {[%emt 0:00:06]} Rf3+ {[%emt 0:00:05]} 41. Kh2 {[%emt 0:00:01]} Rf1 {
[%emt 0:00:04]} 42. c5 {[%emt 0:00:02]} bxc5 {[%emt 0:00:03]} 43. Bxc5 {[%emt
0:00:01]} h5 {[%emt 0:00:00]} 44. a5 {[%emt 0:00:01]} Kd7 {[%emt 0:00:01]} 45.
b4 {[%emt 0:00:01]} Ke6 {[%emt 0:00:00]} 46. Be3 {[%emt 0:00:01]} Kf5 {[%emt 0:
00:01]} 47. Bg5 {[%emt 0:00:01]} Kg4 {[%emt 0:00:01]} 48. b5 {[%emt 0:00:01]}
Bd5 {[%emt 0:00:01]} 49. a6 {[%emt 0:00:01]} bxa6 {[%emt 0:00:01]} 50. bxa6 {
[%emt 0:00:00]} Kf3 {[%emt 0:00:00]} 51. a7 {[%emt 0:00:01]} Kf2 {[%emt 0:00:
02]} 52. Be7 {[%emt 0:00:03]} Ke2 {[%emt 0:00:11]} 53. Bc5 {[%emt 0:00:01]} Rf4
{[%emt 0:00:02]} 54. Be7 {[%emt 0:00:02]} Kf3 {[%emt 0:00:03]} 55. Bg5 {[%emt
0:00:02]} Ra4 {[%emt 0:00:01]} 56. Rxg2 {[%emt 0:00:02]} Rxa7 {[%emt 0:00:01]}
57. Rd2 {[%emt 0:00:03]} Be4 {[%emt 0:00:01]} 58. Rb2 {[%emt 0:00:03]} Ra1 {
[%emt 0:00:01]} 59. Rb3+ {[%emt 0:00:01]} Kg4 {[%emt 0:00:00]} 60. Rg3+ {[%emt
0:00:02]} Kf5 {[%emt 0:00:00]} 61. Rg1 {[%emt 0:00:01]} Ra2+ {[%emt 0:00:00]}
62. Kh3 {[%emt 0:00:02]} Bf3 {[%emt 0:00:02]} 63. Rf1 {[%emt 0:00:07]} Ke4 {
[%emt 0:00:01]} 64. Rc1 {[%emt 0:00:05]} Ra3 {[%emt 0:00:05]} 65. Kh2 {[%emt 0:
00:03]} Ra2+ {[%emt 0:00:01]} 66. Kh3 {[%emt 0:00:01]} Kd3 {[%emt 0:00:05]} 67.
Rc7 {[%emt 0:00:03]} Ke2 {[%emt 0:00:02]} 68. Kg3 {[%emt 0:00:01]} Ra3 {[%emt
0:00:04]} 69. Re7+ {[%emt 0:00:02]} Kf1 {[%emt 0:00:05]} 70. Re3 {[%emt 0:00:
01]} Rxe3 {[%emt 0:00:01]} 71. Bxe3 {[%emt 0:00:00]} Bg4 {[%emt 0:00:00]} 72.
Bg5 {[%emt 0:00:01] Chanwxt offers a draw  (Lag: Av=0.91s, max=16.1s)} 1/2-1/2

[Event "Benidorm Satellite preliminary"]
[Site "playchess.com #007036"]
[Date "2009.10.24"]
[Round "8"]
[White "Nitroglycérine"]
[Black "Remco"]
[Result "1-0"]
[WhiteElo "1850"]
[BlackElo "2278"]
[PlyCount "29"]
[EventDate "2009.10.24"]
[EventType "swiss (blitz)"]

1. e4 {[%emt 0:00:01]} c5 {[%emt 0:00:02]} 2. Nf3 {[%emt 0:00:00]} d6 {[%emt 0:
00:01]} 3. d4 {[%emt 0:00:00]} cxd4 {[%emt 0:00:00]} 4. Nxd4 {[%emt 0:00:00]}
Nf6 {[%emt 0:00:01]} 5. Nc3 {[%emt 0:00:00]} e5 {[%emt 0:00:02]} 6. Bb5+ {
[%emt 0:00:04]} Bd7 {[%emt 0:00:04]} 7. Bxd7+ {[%emt 0:00:06]} Qxd7 {[%emt 0:
00:00]} 8. Nde2 {[%emt 0:00:14]} Qc6 {[%emt 0:00:01]} 9. Ng3 {[%emt 0:00:21]}
Nbd7 {[%emt 0:00:06]} 10. O-O {[%emt 0:00:03]} Nc5 {[%emt 0:00:02]} 11. Re1 {
[%emt 0:00:03]} h5 {[%emt 0:00:06]} 12. Bg5 {[%emt 0:00:05]} h4 {[%emt 0:00:01]
} 13. Bxf6 {[%emt 0:00:02]} gxf6 {[%emt 0:00:01]} 14. Nf5 {[%emt 0:00:03]} Rh5
{[%emt 0:00:13]} 15. Qxh5 {[%emt 0:00:04] Remco resigns} 1-0

[Event "Benidorm Satellite preliminary"]
[Site "playchess.com #007036"]
[Date "2009.10.24"]
[Round "8"]
[White "Borya_ider"]
[Black "Hatimati"]
[Result "0-1"]
[WhiteElo "2648"]
[BlackElo "2459"]
[PlyCount "60"]
[EventDate "2009.10.24"]
[EventType "swiss (blitz)"]

1. d4 {[%emt 0:00:01]} Nf6 {[%emt 0:00:03]} 2. c4 {[%emt 0:00:03]} a6 {[%emt 0:
00:01]} 3. Nc3 {[%emt 0:00:07]} c5 {[%emt 0:00:02]} 4. d5 {[%emt 0:00:05]} b5 {
[%emt 0:00:01]} 5. cxb5 {[%emt 0:00:02]} axb5 {[%emt 0:00:00]} 6. Nxb5 {[%emt
0:00:02]} Ba6 {[%emt 0:00:01]} 7. Nc3 {[%emt 0:00:01]} g6 {[%emt 0:00:02]} 8.
g3 {[%emt 0:00:05]} Bg7 {[%emt 0:00:02]} 9. Bg2 {[%emt 0:00:02]} d6 {[%emt 0:
00:01]} 10. Nf3 {[%emt 0:00:01]} O-O {[%emt 0:00:02]} 11. O-O {[%emt 0:00:01]}
Ne8 {[%emt 0:00:01]} 12. Re1 {[%emt 0:00:02]} Nd7 {[%emt 0:00:01]} 13. Nd2 {
[%emt 0:00:02]} Nc7 {[%emt 0:00:01]} 14. e4 {[%emt 0:00:02]} Nb5 {[%emt 0:00:
01]} 15. Nxb5 {[%emt 0:00:03]} Bxb5 {[%emt 0:00:00]} 16. Qc2 {[%emt 0:00:02]}
Qa5 {[%emt 0:00:05]} 17. Rd1 {[%emt 0:00:06]} Ne5 {[%emt 0:00:04]} 18. f4 {
[%emt 0:00:08]} Nd3 {[%emt 0:00:01]} 19. Nb3 {[%emt 0:00:07]} Qa6 {[%emt 0:00:
08]} 20. Kh1 {[%emt 0:00:07]} c4 {[%emt 0:00:06]} 21. Nd2 {[%emt 0:00:05]} Nf2+
{[%emt 0:00:05]} 22. Kg1 {[%emt 0:00:02]} Ba4 {[%emt 0:00:02]} 23. b3 {[%emt 0:
00:08]} Nxd1 {[%emt 0:00:08]} 24. Qxd1 {[%emt 0:00:07]} Bxa1 {[%emt 0:00:03]}
25. f5 {[%emt 0:00:05]} cxb3 {[%emt 0:00:03]} 26. axb3 {[%emt 0:00:01]} Bd4+ {
[%emt 0:00:02]} 27. Kh1 {[%emt 0:00:01]} Bb5 {[%emt 0:00:02]} 28. Qg4 {[%emt 0:
00:03]} Qa1 {[%emt 0:00:03]} 29. h4 {[%emt 0:00:01]} Qxc1+ {[%emt 0:00:01]} 30.
Kh2 {[%emt 0:00:00]} Qxd2 {[%emt 0:00:01] Borya_ider abandonne} 0-1

[Event "Benidorm Satellite preliminary"]
[Site "playchess.com #007036"]
[Date "2009.10.24"]
[Round "8"]
[White "XxHUTIxx"]
[Black "Pupu"]
[Result "1-0"]
[WhiteElo "1698"]
[BlackElo "2023"]
[PlyCount "39"]
[EventDate "2009.10.24"]
[EventType "swiss (blitz)"]

1. e4 {[%emt 0:00:02]} d5 {[%emt 0:00:01]} 2. exd5 {[%emt 0:00:12]} Nf6 {[%emt
0:00:01]} 3. c4 {[%emt 0:00:01]} c6 {[%emt 0:00:01]} 4. Nc3 {[%emt 0:00:01]}
cxd5 {[%emt 0:00:02]} 5. d4 {[%emt 0:00:01]} Nc6 {[%emt 0:00:03]} 6. Be3 {
[%emt 0:00:04]} Bf5 {[%emt 0:00:01]} 7. Qb3 {[%emt 0:00:04]} e6 {[%emt 0:00:13]
} 8. Qxb7 {[%emt 0:00:06]} Rc8 {[%emt 0:00:19]} 9. cxd5 {[%emt 0:00:05]} Nxd5 {
[%emt 0:00:04]} 10. Nxd5 {[%emt 0:00:12]} exd5 {[%emt 0:00:01]} 11. Bb5 {[%emt
0:00:02]} Bb4+ {[%emt 0:00:07]} 12. Kf1 {[%emt 0:00:09]} Bd7 {[%emt 0:00:05]}
13. Bxc6 {[%emt 0:00:03]} Bxc6 {[%emt 0:00:08]} 14. Qxb4 {[%emt 0:00:01]} Rb8 {
[%emt 0:00:04]} 15. Qa3 {[%emt 0:00:07]} Qb6 {[%emt 0:00:21]} 16. Nf3 {[%emt 0:
00:07]} Qb5+ {[%emt 0:00:06]} 17. Kg1 {[%emt 0:00:03]} Qe2 {[%emt 0:00:12]} 18.
Re1 {[%emt 0:00:07]} Qxb2 {[%emt 0:00:04]} 19. Bf4+ {[%emt 0:00:05]} Kd7 {
[%emt 0:00:07]} 20. Qd6+ {[%emt 0:00:04] Pupu gibt auf} 1-0

[Event "Benidorm Satellite preliminary"]
[Site "playchess.com #007036"]
[Date "2009.10.24"]
[Round "8"]
[White "Kampfgeist"]
[Black "Shakked"]
[Result "1-0"]
[WhiteElo "1320"]
[BlackElo "1399"]
[PlyCount "53"]
[EventDate "2009.10.24"]
[EventType "swiss (blitz)"]

1. e4 {[%emt 0:00:02]} c5 {[%emt 0:00:02]} 2. Nf3 {[%emt 0:00:01]} d6 {[%emt 0:
00:00]} 3. d4 {[%emt 0:00:01]} cxd4 {[%emt 0:00:00]} 4. Nxd4 {[%emt 0:00:01]}
Nf6 {[%emt 0:00:00]} 5. Nc3 {[%emt 0:00:01]} g6 {[%emt 0:00:00]} 6. Bc4 {[%emt
0:00:01]} Bg7 {[%emt 0:00:00]} 7. Be3 {[%emt 0:00:02]} O-O {[%emt 0:00:01]} 8.
f3 {[%emt 0:00:01]} Nc6 {[%emt 0:00:01]} 9. Qd2 {[%emt 0:00:02]} Bd7 {[%emt 0:
00:01]} 10. O-O-O {[%emt 0:00:02]} Rc8 {[%emt 0:00:01]} 11. Bb3 {[%emt 0:00:02]
} Ne5 {[%emt 0:00:01]} 12. g4 {[%emt 0:00:02]} Nc4 {[%emt 0:00:04]} 13. Bxc4 {
[%emt 0:00:02]} Rxc4 {[%emt 0:00:02]} 14. h4 {[%emt 0:00:02]} h5 {[%emt 0:00:
07]} 15. gxh5 {[%emt 0:00:03]} Nxh5 {[%emt 0:00:02]} 16. Rhg1 {[%emt 0:00:07]}
Qc7 {[%emt 0:00:21]} 17. f4 {[%emt 0:00:03]} a6 {[%emt 0:00:07]} 18. f5 {[%emt
0:00:01]} gxf5 {[%emt 0:00:05]} 19. exf5 {[%emt 0:00:12]} b5 {[%emt 0:00:15]}
20. Bh6 {[%emt 0:00:10]} Kh7 {[%emt 0:00:15]} 21. Bxg7 {[%emt 0:00:05]} Nxg7 {
[%emt 0:00:00]} 22. Qg5 {[%emt 0:00:13]} Rg8 {[%emt 0:00:18]} 23. h5 {[%emt 0:
00:04]} b4 {[%emt 0:00:11]} 24. h6 {[%emt 0:00:02]} f6 {[%emt 0:00:42]} 25.
Qg6+ {[%emt 0:00:04]} Kh8 {[%emt 0:00:04]} 26. hxg7+ {[%emt 0:00:01]} Rxg7 {
[%emt 0:00:03]} 27. Qxg7# {[%emt 0:00:01]} 1-0

[Event "Benidorm Satellite preliminary"]
[Site "playchess.com #007036"]
[Date "2009.10.24"]
[Round "8"]
[White "Wild"]
[Black "Ajalcaide"]
[Result "1-0"]
[WhiteElo "1382"]
[BlackElo "1375"]
[PlyCount "65"]
[EventDate "2009.10.24"]
[EventType "swiss (blitz)"]

1. c4 {[%emt 0:00:02]} Nf6 {[%emt 0:00:02]} 2. Nc3 {[%emt 0:00:01]} e5 {[%emt
0:00:01]} 3. g3 {[%emt 0:00:01]} c6 {[%emt 0:00:02]} 4. Bg2 {[%emt 0:00:01]} d5
{[%emt 0:00:02]} 5. cxd5 {[%emt 0:00:01]} cxd5 {[%emt 0:00:01]} 6. d4 {[%emt 0:
00:01]} Nc6 {[%emt 0:00:02]} 7. Nf3 {[%emt 0:00:04]} e4 {[%emt 0:00:02]} 8. Ne5
{[%emt 0:00:16]} Qc7 {[%emt 0:00:06]} 9. Nxc6 {[%emt 0:00:01]} Qxc6 {[%emt 0:
00:01]} 10. Bf4 {[%emt 0:00:03]} Bf5 {[%emt 0:00:04]} 11. e3 {[%emt 0:00:01]}
Bb4 {[%emt 0:00:03]} 12. O-O {[%emt 0:00:02]} Rc8 {[%emt 0:00:02]} 13. Rc1 {
[%emt 0:00:22]} O-O {[%emt 0:00:22]} 14. Nxe4 {[%emt 0:00:07]} Qe6 {[%emt 0:00:
10]} 15. Nxf6+ {[%emt 0:00:02]} Qxf6 {[%emt 0:00:01]} 16. Rxc8 {[%emt 0:00:03]}
Rxc8 {[%emt 0:00:02]} 17. Bxd5 {[%emt 0:00:13]} b6 {[%emt 0:00:09]} 18. Bg2 {
[%emt 0:00:05]} Bd6 {[%emt 0:00:03]} 19. Bxd6 {[%emt 0:00:02]} Qxd6 {[%emt 0:
00:01]} 20. Qd2 {[%emt 0:00:03]} Re8 {[%emt 0:00:04]} 21. Rc1 {[%emt 0:00:02]}
Be4 {[%emt 0:00:02]} 22. Bxe4 {[%emt 0:00:02]} Rxe4 {[%emt 0:00:02]} 23. Qc2 {
[%emt 0:00:06]} f6 {[%emt 0:00:08]} 24. Qc8+ {[%emt 0:00:09]} Kf7 {[%emt 0:00:
01]} 25. Qb7+ {[%emt 0:00:02]} Kg6 {[%emt 0:00:02]} 26. Qxe4+ {[%emt 0:00:02]}
f5 {[%emt 0:00:31]} 27. Qc6 {[%emt 0:00:14]} Qxc6 {[%emt 0:00:06]} 28. Rxc6+ {
[%emt 0:00:01]} Kf7 {[%emt 0:00:05]} 29. Rc7+ {[%emt 0:00:01]} Kf6 {[%emt 0:00:
01]} 30. Rxa7 {[%emt 0:00:01]} g5 {[%emt 0:00:03]} 31. Ra6 {[%emt 0:00:01]} h5
{[%emt 0:00:08]} 32. Rxb6+ {[%emt 0:00:01]} Kg7 {[%emt 0:00:02]} 33. a4 {[%emt
0:00:03] Ajalcaide rinde} 1-0